Popularne numery rap/trap tygodnia 11-17.12 Spotify. - Statystyki

Ogólne statystyki
  • Ten quiz został rozwiązany 15 razy
  • Średni wynik to 16 z 30
Statystyki odpowiedzi
Artysta Odsłuchania Utwór % Poprawnych
Quebonafide, Daria Zawiałow 418K BUBBLETEA
93%
Guzior 906K BLUEBERRY
87%
Guzior, Oskar83 824K FALA
87%
Wiatr, Sobel, Be Vis 523K Testarossa
87%
Sobel 384K Impreza
80%
Żabson, Mata 292K Aromatyczne Przyprawy
73%
Reto 459K Billy Kid
73%
Mata, Wyguś, Szczepan, Adam 286K GOMBAO 33
73%
Żabson, Young Leosia, Beteo, Borucci 318K ULALA
73%
Alberto 324K Dwutakt
67%
SB Maffija 236K A nie pamiętasz jak?
60%
Białas, Mata 251K Drift
53%
Wac Toja 267K Kapitan
53%
Kabe 404K Nad ranem
53%
Pezet, Kayah 301K Nisko jest niebo
53%
Bedoes, Lanek 249K Rewolucja Romantyczna
53%
Quebonafide, Taco Hemingway 234K TOKYO2020
53%
White 2115, Mata 233K Oh oh (lalala)
47%
Taco Hemingway 344K Polskie Tango
47%
Mata 261K Schodki
47%
Guzior, Kukon 333K BOILER ROOM
40%
Taco Hemingway, Bedoes 250K Europa
40%
chillwagon 340K jeden jeden
40%
Guzior 578K TRAPSTAR
40%
Favst, Gibbs, Kukon 290K halo
33%
Guzior 364K KUSHKOMA
33%
Bedoes, Lanek 248K VOGUE
27%
Szpaku, Zdechły Osa 315K Zły
27%
Guzior, Szpaku 230K SOWA
20%
Kali, Major SPZ, Kabe, Żabson 295K 6 6 6
13%
Nie znaleziono quizów pasujących do podanych kryteriów
Rozkład punktacji
Procent ludzi z każdym wynikiem
Percentyl według liczby udzielonych odpowiedzi
Twoja historia wyników
Nie rozwiązałeś tego quizu